39_高知県の市町村(ひらがな対応・五十音順) - Statistics

General Stats
  • This quiz has been taken 24 times
  • The average score is 30 of 34
Answer Stats
種類 市町村名 % Correct
高知市
100%
四万十市
100%
四万十町
100%
宿毛市
100%
須崎市
100%
土佐市
100%
土佐清水市
100%
土佐町
100%
奈半利町
100%
南国市
100%
仁淀川町
100%
室戸市
100%
安芸市
93%
いの町
93%
馬路村
93%
大月町
93%
香美市
93%
黒潮町
93%
香南市
93%
東洋町
93%
大川村
87%
大豊町
87%
芸西村
87%
中土佐町
87%
越知町
80%
田野町
80%
三原村
80%
本山町
80%
檮原町
80%
北川村
73%
佐川町
73%
津野町
73%
日高村
67%
安田町
67%
No matching quizzes found
Score Distribution
Percent of People with Each Score
Percentile by Number Answered
Your Score History
You have not taken this quiz